000 00799nam a2200241Ia 4500
001 1174
003 GE_BSU
008 181216s||||||||xx |||||||||||||| ||und||
020 _a5511007226
040 _cGE_BSU
080 _a581.9(075.8)
100 _aგაგნიძე, რევაზ.
245 _aმცენარეთა გეოგრაფია.
245 _bფიტოგეოგრაფია.
260 _aთბილისი.
260 _bთბილისის უნივერსიტეტის გამომცემლობა.
260 _c1996.
300 _a232გვ. 18 სმ.
541 _h8 ლ.
653 _aმცენარეთა გეოგრაფია.
653 _aფიტოგეოგრაფია.
942 _cBK
999 _c35323
_d35323